Public projects : private finance : understanding the principles of the private finance initiative. (Record no. 96752)

MARC details
000 -LEADER
fixed length control field 01196cam a2200337 4500
001 - CONTROL NUMBER
control field M87437
008 - FIXED-LENGTH DATA ELEMENTS--GENERAL INFORMATION
fixed length control field 090401t1998 xxu||||| |||| 00| 0 eng d
020 ## - INTERNATIONAL STANDARD BOOK NUMBER
International Standard Book Number 1901535002
035 ## - SYSTEM CONTROL NUMBER
System control number (Sirsi) u81833
041 ## - LANGUAGE CODE
Language code of text/sound track or separate title eng
050 ## - LIBRARY OF CONGRESS CALL NUMBER
Classification number 336.39
100 ## - MAIN ENTRY--PERSONAL NAME
Personal name Mumford, Michael
245 ## - TITLE STATEMENT
Title Public projects : private finance : understanding the principles of the private finance initiative.
260 ## - PUBLICATION, DISTRIBUTION, ETC.
Place of publication, distribution, etc. Welwyn Garden City
Name of publisher, distributor, etc. NVP+ from Griffin Multimedia
Date of publication, distribution, etc. 1998
300 ## - PHYSICAL DESCRIPTION
Extent 278p. ; 23cm.
350 ## - PRICE (NR) (BK AM CF MU VM SE) [OBSOLETE]
Price 40
520 ## - SUMMARY, ETC.
Summary, etc. Explains the economic principles behind PFI and its history to date. The author, an accountant, looks at the elements of discounted cash flow, types of operating risk, agency relations, contracts and transaction costs and sources of successful projects.
650 ## - SUBJECT ADDED ENTRY--TOPICAL TERM
Topical term or geographic name entry element AMEC PROJECT INVESTMENTS LTD
650 ## - SUBJECT ADDED ENTRY--TOPICAL TERM
Topical term or geographic name entry element BATES REVIEW
650 ## - SUBJECT ADDED ENTRY--TOPICAL TERM
Topical term or geographic name entry element COLFOX SCHOOL
650 ## - SUBJECT ADDED ENTRY--TOPICAL TERM
Topical term or geographic name entry element DISCOUNTED CASH FLOW
650 ## - SUBJECT ADDED ENTRY--TOPICAL TERM
Topical term or geographic name entry element DORSET CC
650 ## - SUBJECT ADDED ENTRY--TOPICAL TERM
Topical term or geographic name entry element DRESDNER KLEINWORT BENSON
650 ## - SUBJECT ADDED ENTRY--TOPICAL TERM
Topical term or geographic name entry element JOHN LAING PLC
650 ## - SUBJECT ADDED ENTRY--TOPICAL TERM
Topical term or geographic name entry element LONDON UNDERGROUND
650 ## - SUBJECT ADDED ENTRY--TOPICAL TERM
Topical term or geographic name entry element PFI
650 ## - SUBJECT ADDED ENTRY--TOPICAL TERM
Topical term or geographic name entry element RISK ASSESSMENT
690 ## - LOCAL SUBJECT ADDED ENTRY--TOPICAL TERM (OCLC, RLIN)
Topical term or geographic name as entry element PROPERTY-PROPERTY FINANCE AND INVESTMENT
942 ## - ADDED ENTRY ELEMENTS (KOHA)
Suppress in OPAC 0
948 ## - LOCAL PROCESSING INFORMATION (OCLC); SERIES PART DESIGNATOR (RLIN)
c (OCLC) 31/10/1997
Holdings
Withdrawn status Lost status Source of classification or shelving scheme Damaged status Not for loan Home library Current library Shelving location Date acquired Total Checkouts Full call number Barcode Date last seen Copy number Price effective from Koha item type Date last checked out
    Dewey Decimal Classification     London London Books 11/02/2003   336.39 MUM 30056104 06/08/2019 2 06/08/2019 Book  
    Dewey Decimal Classification     London London Books 13/02/2003 20 336.39 MUM 30056124 06/08/2019 3 06/08/2019 Book 19/12/2008